1923 1457 1832 1070 1027 1061 1135 1179 1619 1078 1511 1596 1076 1260 1397 1912 1412 1914 1393 1495 1395 1142 1243 1240 1521 1179 1543 1580 1910 1990 1721 1626 1269 1376 1524 1083 1427 1450 1548 1533 1008 1100 1487 1171 1521 1703 1062 1375 1869 1995 1622 1312 1304 1719 1453 1922 1965 1013 1703 1848 1346 1466 1880 1741 1591 1140 1814 1261 1214 1971 1232 1128 1915 1649 1327 1841 1047 1081 1147 1674 1558 1952 1266 1490 1193 1147 1353 1623 1419 1884 1768 1420 1030 1742 1323 1917 1229 1252 1080 BCNSPRNW ULIB Ver.6.0+V

เปลี่ยนเป็นภาษาไทย

Change to English
 แสดงรายละเอียดบรรณานุกรม
  กลับหน้าหลัก

Brief Record : Get Marc (ISO 2709) : E-mail record : QR code < ปิดหน้าต่าง
LEADER : 00000nam 2200000uu 4500
001    13399123512
003     ULIB
008    141003s2535||||th 000 0 tha d
020    9742451419
099    นว.^bศ263ห
100 0  ศรีฟ้า ลดาวัลย์
245 00 หลานสาวคุณหญิง/^cศรีฟ้า ลดาวัลย์
260    กรุงเทพฯ:^bโรงพิมพ์อักษรธเนศวร,^c2535
300    534 หน้า
945    ^p0^l0^i003030
999    ^aเกษร โพธิ์สุวรรณ
รายการนี้ยังไม่มีแท็ก
คุณยังไม่ได้ล็อกอิน คุณสามารถมีกิจกรรมร่วมกับเว็บไซต์ได้ แต่ต้องล็อกอินก่อน ::
  ล็อกอิน

รายการสื่อสารสนเทศ

ลำดับที่ ประเภท เลขเรียก/บาร์โค้ด สถานที่ สถานะ
1. นวนิยาย
นวนิยาย
นว. ศ263ห ฉ.1 
  Barcode: 003030
ห้องสมุดวิทยาเขตนครสวรรค์
►นวนิยาย:l:Fiction
บนชั้น

BibComment


ยังไม่เคยถูกคอมเมนท์

คอมเมนท์ทรัพยากรรายการนี้
  คอมเมนท์: หลานสาวคุณหญิง ศร..


 Copyright 2026. Bcnsprnw @Library